The error of the Runge-Kutta-Huťa formula of the sixth order

Bibliographic Details
Main Author: Valková, Anna (Author)
Format: Article
Language:Slovak
English
Subjects:

MARC

LEADER 00000nab a2200000 a 4500
001 vtls000148658
003 SK-MaSNL
005 20260304061722.0
008 250422c1982 xo 0 slo
015 |a SNBRA19rr/mm-uuuuu 
035 |a CL0158765 
035 |a (urnnbn)urn:nbn:sk:snk:ar-0069pr 
035 |a (uuid)03cb58dc-78c1-44a6-b44b-132f7f5d503e 
035 |a urn:nbn:sk:snk-ab84z1 
040 |a SNKBUCL  |b slo  |c SNKBUCL  |e AACR2 
041 0 |a eng 
044 |a xo  |c SK 
080 |a 519.62  |2 1981 
100 1 |a Valková, Anna  |4 aut  |9 278809 
245 1 4 |a The error of the Runge-Kutta-Huťa formula of the sixth order  |c Anna Valková 
300 |b Res. slov., rus., lit. 4 zázn. v angl., slov. 
650 0 7 |a diferenciálne rovnice  |2 snkbucl  |9 63334 
655 7 |a články zo zborníkov  |2 snkbucl  |9 166140 
773 0 |t Acta mathematica Universitatis Comenianae  |d Bratislava : Alfa, 1982  |g S. 195-214 
850 |a Slovenská národná knižnica 
852 |a Slovenská národná knižnica 
958 |a article9 
958 |a NB 
958 |a RK 
958 |a OND 
958 |a EUIPO 
992 |a RZB 
999 |c 2734521  |d 2736451